<?xml version="1.0" encoding="UTF-8"?>
<collection xmlns="http://www.loc.gov/MARC21/slim">
 <record>
  <leader>02628cam a2200481   4500</leader>
  <controlfield tag="001">1615314016</controlfield>
  <controlfield tag="003">DE-627</controlfield>
  <controlfield tag="005">20210723131247.0</controlfield>
  <controlfield tag="007">tu</controlfield>
  <controlfield tag="008">050105s2004    xx ||||| c    00| ||dut c</controlfield>
  <datafield tag="020" ind1=" " ind2=" ">
   <subfield code="a">377571569X</subfield>
   <subfield code="9">3-7757-1569-X</subfield>
  </datafield>
  <datafield tag="035" ind1=" " ind2=" ">
   <subfield code="a">(DE-627)1615314016</subfield>
  </datafield>
  <datafield tag="035" ind1=" " ind2=" ">
   <subfield code="a">(DE-576)115233695</subfield>
  </datafield>
  <datafield tag="035" ind1=" " ind2=" ">
   <subfield code="a">(DE-599)BSZ115233695</subfield>
  </datafield>
  <datafield tag="035" ind1=" " ind2=" ">
   <subfield code="a">(OCoLC)314679704</subfield>
  </datafield>
  <datafield tag="040" ind1=" " ind2=" ">
   <subfield code="a">DE-627</subfield>
   <subfield code="b">ger</subfield>
   <subfield code="c">DE-627</subfield>
   <subfield code="e">rakwb</subfield>
  </datafield>
  <datafield tag="041" ind1=" " ind2=" ">
   <subfield code="a">dut</subfield>
  </datafield>
  <datafield tag="245" ind1="1" ind2="0">
   <subfield code="a">Zinnen en minnen</subfield>
   <subfield code="b">schilders van het dagelijks leven in de zeventiende eeuw; [gepubliceerd naar aanleiding van de tentoonstelling &quot;zinnen en minnen - schilders van het dagelijks leven in de zeventiende eeuw&quot; Rotterdam, Museum Boijmans van Beuningen, 23 oktober 2004 - 9 januari 2005; Frankfurt am Main, Städelsches Kunstinstitut und Städtische Galerie, 10 februari - 1 mei 2005]</subfield>
   <subfield code="c">[eindredactie:] Jeroen Giltaij. Peter Hecht ...</subfield>
  </datafield>
  <datafield tag="264" ind1=" " ind2="1">
   <subfield code="a">Ostfildern-Ruit</subfield>
   <subfield code="b">Hatje-Cantz</subfield>
   <subfield code="c">2004</subfield>
  </datafield>
  <datafield tag="300" ind1=" " ind2=" ">
   <subfield code="a">295 S.</subfield>
   <subfield code="b">zahlr. Ill.</subfield>
  </datafield>
  <datafield tag="336" ind1=" " ind2=" ">
   <subfield code="a">Text</subfield>
   <subfield code="b">txt</subfield>
   <subfield code="2">rdacontent</subfield>
  </datafield>
  <datafield tag="336" ind1=" " ind2=" ">
   <subfield code="a">unbewegtes Bild</subfield>
   <subfield code="b">sti</subfield>
   <subfield code="2">rdacontent</subfield>
  </datafield>
  <datafield tag="337" ind1=" " ind2=" ">
   <subfield code="a">ohne Hilfsmittel zu benutzen</subfield>
   <subfield code="b">n</subfield>
   <subfield code="2">rdamedia</subfield>
  </datafield>
  <datafield tag="338" ind1=" " ind2=" ">
   <subfield code="a">Band</subfield>
   <subfield code="b">nc</subfield>
   <subfield code="2">rdacarrier</subfield>
  </datafield>
  <datafield tag="500" ind1=" " ind2=" ">
   <subfield code="a">Dt. Ausg. u.d.T.: Der Zauber des Alltäglichen. - Engl. Ausg. u.d.T.: Senses and sins</subfield>
  </datafield>
  <datafield tag="583" ind1="1" ind2=" ">
   <subfield code="a">Archivierung prüfen</subfield>
   <subfield code="c">20200919</subfield>
   <subfield code="f">DE-640</subfield>
   <subfield code="z">2</subfield>
   <subfield code="2">pdager</subfield>
  </datafield>
  <datafield tag="583" ind1="1" ind2=" ">
   <subfield code="a">Archivierung/Langzeitarchivierung gewährleistet</subfield>
   <subfield code="f">PEBW</subfield>
   <subfield code="2">pdager</subfield>
   <subfield code="5">DE-24</subfield>
  </datafield>
  <datafield tag="655" ind1=" " ind2="7">
   <subfield code="a">Ausstellungskatalog</subfield>
   <subfield code="y">2004</subfield>
   <subfield code="z">Rotterdam</subfield>
   <subfield code="0">(DE-588)4135467-9</subfield>
   <subfield code="0">(DE-627)10566491X</subfield>
   <subfield code="0">(DE-576)209660988</subfield>
   <subfield code="2">gnd-content</subfield>
  </datafield>
  <datafield tag="689" ind1="0" ind2="0">
   <subfield code="d">g</subfield>
   <subfield code="0">(DE-588)4042203-3</subfield>
   <subfield code="0">(DE-627)104400765</subfield>
   <subfield code="0">(DE-576)209049030</subfield>
   <subfield code="a">Niederlande</subfield>
   <subfield code="2">gnd</subfield>
  </datafield>
  <datafield tag="689" ind1="0" ind2="1">
   <subfield code="d">s</subfield>
   <subfield code="0">(DE-588)4020173-9</subfield>
   <subfield code="0">(DE-627)104377348</subfield>
   <subfield code="0">(DE-576)208932208</subfield>
   <subfield code="a">Genremalerei</subfield>
   <subfield code="2">gnd</subfield>
  </datafield>
  <datafield tag="689" ind1="0" ind2="2">
   <subfield code="a">z</subfield>
   <subfield code="2">gnd</subfield>
   <subfield code="a">Geschichte 1600-1700</subfield>
  </datafield>
  <datafield tag="689" ind1="0" ind2=" ">
   <subfield code="5">DE-101</subfield>
  </datafield>
  <datafield tag="700" ind1="1" ind2=" ">
   <subfield code="a">Giltaij, Jeroen</subfield>
   <subfield code="d">1945-</subfield>
   <subfield code="e">Hrsg.</subfield>
   <subfield code="0">(DE-588)1027843166</subfield>
   <subfield code="0">(DE-627)729901645</subfield>
   <subfield code="0">(DE-576)166018104</subfield>
   <subfield code="4">edt</subfield>
  </datafield>
  <datafield tag="700" ind1="1" ind2=" ">
   <subfield code="a">Hecht, Peter</subfield>
   <subfield code="d">1951-</subfield>
   <subfield code="0">(DE-588)131989588</subfield>
   <subfield code="0">(DE-627)516475266</subfield>
   <subfield code="0">(DE-576)16134397X</subfield>
   <subfield code="4">oth</subfield>
  </datafield>
  <datafield tag="710" ind1="2" ind2=" ">
   <subfield code="a">Museum Boijmans van Beuningen</subfield>
   <subfield code="0">(DE-588)1007928-2</subfield>
   <subfield code="0">(DE-627)103113401</subfield>
   <subfield code="0">(DE-576)191174971</subfield>
   <subfield code="4">oth</subfield>
  </datafield>
  <datafield tag="711" ind1="2" ind2=" ">
   <subfield code="a">Ausstellung Der Zauber des Alltäglichen. Holländische Malerei von Adriaen Brouwer bis Johannes Vermeer</subfield>
   <subfield code="d">2004 - 2005</subfield>
   <subfield code="c">Rotterdam; Frankfurt, Main</subfield>
   <subfield code="0">(DE-588)10097376-0</subfield>
   <subfield code="0">(DE-627)480933162</subfield>
   <subfield code="0">(DE-576)200183427</subfield>
   <subfield code="4">oth</subfield>
  </datafield>
  <datafield tag="787" ind1="0" ind2="8">
   <subfield code="i">Rezension</subfield>
   <subfield code="a">Vries, Lyckle de, 1937 - </subfield>
   <subfield code="t">[Rezension von: Zinnen en minnen]</subfield>
   <subfield code="d">2005</subfield>
   <subfield code="w">(DE-627)1543882587</subfield>
   <subfield code="w">(DE-576)473882582</subfield>
  </datafield>
  <datafield tag="951" ind1=" " ind2=" ">
   <subfield code="a">BO</subfield>
  </datafield>
  <datafield tag="990" ind1=" " ind2=" ">
   <subfield code="a">Niederlande</subfield>
  </datafield>
  <datafield tag="990" ind1=" " ind2=" ">
   <subfield code="a">Genremalerei</subfield>
  </datafield>
  <datafield tag="990" ind1=" " ind2=" ">
   <subfield code="a">Geschichte 1600-1700</subfield>
  </datafield>
  <datafield tag="991" ind1=" " ind2=" ">
   <subfield code="a">Rezensiertes Werk</subfield>
  </datafield>
  <datafield tag="999" ind1=" " ind2=" ">
   <subfield code="a">KXP-PPN1615314016</subfield>
   <subfield code="e">4133254856</subfield>
  </datafield>
 </record>
</collection>
